THE LITTLE BOOK OF THE AUTISM SPECTRUM (Record no. 216556)

MARC details
000 -LEADER
fixed length control field 00593nam a22001817a 4500
008 - FIXED-LENGTH DATA ELEMENTS--GENERAL INFORMATION
fixed length control field 260205b |||||||| |||| 00| 0 eng d
020 ## - INTERNATIONAL STANDARD BOOK NUMBER
International Standard Book Number 978-1-78135-089-8
050 ## - LIBRARY OF CONGRESS CALL NUMBER
Classification number RC 553 .A 88 2013
100 ## - MAIN ENTRY--PERSONAL NAME
Personal name TODD, SAMANTHA
245 ## - TITLE STATEMENT
Title THE LITTLE BOOK OF THE AUTISM SPECTRUM
260 ## - PUBLICATION, DISTRIBUTION, ETC.
Place of publication, distribution, etc. CARMARTHEN, WALES
Name of publisher, distributor, etc. INDEPENDENT PRINTING PRESS,
Date of publication, distribution, etc. 2013,
300 ## - PHYSICAL DESCRIPTION
Extent X, 203 P, ILL
500 ## - GENERAL NOTE
General note INCLUDES BIBLIOGRAPHICAL REFERENCES AND INDEX
650 ## - SUBJECT ADDED ENTRY
Topical term or geographic name entry element 1. AUTISM SPECTRUM 2. AUTISTIC CHILDREN-EDUCATION 3. AUTISM
700 ## - ADDED ENTRY--PERSONAL NAME
Personal name EDITED BY IAN GILBERT
942 ## - ADDED ENTRY ELEMENTS (KOHA)
Source of classification or shelving scheme Library of Congress Classification
Koha item type Long Loan Book
Holdings
Withdrawn status Lost status Source of classification or shelving scheme Damaged status Not for loan Collection Home library Current library Shelving location Date acquired Inventory number Total checkouts Full call number Barcode Date last seen Copy number Price effective from Koha item type
    Library of Congress Classification     Medicine Kisii University Library Kisii University Library On Display 02/05/2026 111509   RC 553 . A 88 T 63 2013 50835 02/05/2026 1 02/05/2026 Long Loan Book
    Library of Congress Classification     Medicine Kisii University Library Kisii University Library On Display 02/05/2026 111510   RC 553 . A 88 T 63 2013 50813 02/05/2026 2 02/05/2026 Long Loan Book
    Library of Congress Classification     Medicine Kisii University Library Kisii University Library On Display 02/05/2026 111511   RC 553 . A 88 T 63 2013 50814 02/05/2026 3 02/05/2026 Long Loan Book
    Library of Congress Classification     Medicine Kisii University Library Kisii University Library On Display 02/05/2026 111512   RC 553 . A 88 T 63 2013 50822 02/05/2026 4 02/05/2026 Long Loan Book
    Library of Congress Classification     Medicine Kisii University Library Kisii University Library On Display 02/05/2026 111513   RC 553 . A 88 T 63 2013 50736 02/05/2026 5 02/05/2026 Long Loan Book